Ciencia de la leche : una visión integral para México /

Contenido: 1) Propiedades físico-químicas de la leche; 2) Propiedades microbiológicas y nutricionales de la leche; 3) Proceso de obtención y manejo de la leche; 4) Situación de la producción lechera en México y el mundo.

Guardado en:
Detalles Bibliográficos
Autor principal: Noa Pérez, Mario (autor)
Otros autores: Ruvalcaba Barrera, Silvia (autor) (autor)
Formato: Libro
Idioma:Español
Publicado: Guadalajara, México : Universidad de Guadalajara, 2011, c2011
Temas:
Etiquetas: Agrega una etiqueta
Sin etiquetas, Sé el primero en etiquetar este registro!

MARC

LEADER 00000nam^a2200000^a^4500
001 000341220
005 20250521000000.0
009 20260310114516.413
020 |a 978-607-450-414-9 
037 |a Acervo ITESO - Biblioteca 
041 |a ESP 
082 |a 637. 14  |b NOA 
100 |a Noa Pérez, Mario  |e (autor) 
245 1 0 |a Ciencia de la leche :  |b una visión integral para México /  |c M. Noa Pérez, S. Ruvalcaba Barrera ; introd. de Sergio Soltero Gardea. 
264 4 |a Guadalajara, México :  |b Universidad de Guadalajara,  |c 2011, c2011 
300 |a 231 p. 
336 |a texto  |b txt  |2 rdacontenido 
337 |a sin mediación  |b n  |2 rdamedio 
338 |a volumen  |b nc  |2 rdasoporte 
520 |a Contenido: 1) Propiedades físico-químicas de la leche; 2) Propiedades microbiológicas y nutricionales de la leche; 3) Proceso de obtención y manejo de la leche; 4) Situación de la producción lechera en México y el mundo. 
521 |a 2014 BO Licenciatura en Ingeniería de Alimentos 
649 |a XX 
650 |a Leche -  |z México -  |x Industria y Comercio -  |x Tema Principal 
650 |a Leche -  |x Industria y Comercio -  |x Tema Principal 
650 |a Industria Alimenticia -  |z México 
650 |a Industria Alimenticia 
650 |a Leche -  |x Valor Nutritivo 
650 |a Leche -  |x Análisis 
650 |a Leche -  |x Bactereología 
650 |a Lácteos 
650 |a Microbiología de Alimentos 
650 |a Tecnología de Alimentos 
700 |a Ruvalcaba Barrera, Silvia  |e (autor) 
910 |a Fondo General 
920 |a Impresos - Libros 
930 |a Colección General 
905 |a 101 
901 |a 0500230977  |b IT1  |c ACC  |i C140676  |u 20250521 
901 |a 0500230978  |b IT1  |c ACC  |i C140677  |u 20250521 
902 |a https://opac.biblio.iteso.mx/vufind/Record/000341220